000 01037nmm a2200349 a 4500
003 AR-BaBNM
005 20251128203152.0
008 167119s1974 ||||||||||||||000 | spa||
040 _cAR-BaBNM
100 1 _aKorn, Francis
245 1 0 _aBuenos Aires
_blos huéspedes del 20
260 _aBuenos Aires
_bSudamericana
_c1974
300 0 _a217 p.
500 0 _aContiene referencias bibliográficas en p. 207
500 0 _aIndice de mapas en p. 217
650 4 _aHISTORIA ARGENTINA
650 4 _aSOCIOLOGIA CULTURAL
650 4 _aCOSTUMBRES Y TRADICIONES
650 4 _aHISTORIA DE BUENOS AIRES
650 4 _aINMIGRACION EN ARGENTINA
650 4 _aHISTORIA POLITICA
650 4 _aDESARROLLO URBANO
650 4 _aEXPANSION URBANA
650 4 _aSOCIOLOGIA URBANA
650 4 _aDINAMICA DE LA POBLACION
651 4 _aBuenos Aires [Capital Federal]
700 1 _aMugarza, Susana
_ecolaborador
700 1 _aTorre, Lidia de la
_ecolaborador
700 1 _aEscudé, Carlos
_ecolaborador
942 _cBK
998 _cMARTIN
999 _c2212
_d2212